Economics and the future : time and discounting in private and public decision making
Αποθηκεύτηκε σε:
| Άλλοι συγγραφείς: | , |
|---|---|
| Μορφή: | Βιβλίο |
| Γλώσσα: | English |
| Δημοσίευση: |
Cheltenham :
Edward Elgar Publishing,
2006
|
| Θέματα: | |
| Ετικέτες: |
Προσθήκη ετικέτας
Δεν υπάρχουν, Καταχωρήστε ετικέτα πρώτοι!
|
MARC
| LEADER | 00000nam a2200000 i 4500 | ||
|---|---|---|---|
| 001 | 1/90169 | ||
| 008 | 080630s2006 eng d | ||
| 020 | |a 1-84376-755-4 | ||
| 035 | |l 10098575 | ||
| 040 | |a GR-MY-UA |b gre |e aacr | ||
| 041 | 0 | |a eng | |
| 082 | 0 | |a 658.1552 |2 (22) | |
| 245 | 1 | 0 | |a Economics and the future : |b time and discounting in private and public decision making / |c edited by David J. Pannell, Steven Schilizzi |
| 260 | |a Cheltenham : |b Edward Elgar Publishing, |c 2006 | ||
| 300 | |a xiii, 182 σ.; |b σχ., διαγρ.; |c 24 εκ. | ||
| 504 | |a Περιέχει βιβλιογραφικές αναφορές | ||
| 504 | |a Ευρετήριο: σ. 177-182 | ||
| 650 | 0 | 0 | |a Cost effectiveness. |
| 650 | 0 | 0 | |a Decision making. |
| 700 | 1 | |a Pannell, David J. |d 1960- |4 edt | |
| 700 | 1 | |a Schilizzi, Steven. |4 edt | |
| 852 | |a INST |b LESVOS |e 20080630 |h 658.1552 ECO |p 005100042672 |q 005100042672 |t BK |y 0 | ||
| 901 | |a BIBL1-2008-2 | ||
| 909 | |a Λ |b 152117 | ||
| 922 | |a 1ΕΛΗ |b 200803 |c ΕΠΕΑΕΚ2/ΤΠ |d ΕΛΕΥΘΕΡΟΥΔΑΚΗΣ | ||
| 970 | |a ΧΑΤΖΗΜΙΧΑΗΛ |b ΜΑΡΙΑ |z 2008/06/30 | ||